[Event "Pilsen Region-chT 2223"]
[Site "Czech Republic"]
[Date "2023.02.12"]
[Round "8.1"]
[White "Pokrupa, Marek"]
[Black "Spevacek, Ivo"]
[Result "1-0"]
[WhiteElo "2101"]
[BlackElo "1898"]
[PlyCount "155"]
[EventDate "2022.10.09"]
[EventType "team-tourn"]
[EventRounds "11"]
[EventCountry "CZE"]
[SourceTitle "EXT 2024"]
[Source "ChessBase"]
[SourceDate "2023.10.10"]
[SourceVersion "1"]
[SourceVersionDate "2023.10.10"]
[SourceQuality "1"]
[WhiteTeam "Kozolupy Sakal"]
[BlackTeam "Loko"]
[WhiteTeamCountry "CZE"]
[BlackTeamCountry "CZE"]

1. c4 Nf6 2. Nc3 c5 3. Nf3 Nc6 4. d4 cxd4 5. Nxd4 d6 6. e4 e6 7. Be2 Be7 8. 0-0 0-0 9. Be3 a6 10. Qd2 Bd7 11. f3 Qc7 12. Rfc1 Rac8 13. Bf1 Rfd8 14. Nd5 exd5 15. cxd5 Qb8 16. dxc6 bxc6 17. Bxa6 c5 18. Ne2 Rc6 19. Bc4 Rb6 20. b3 Bb5 21. Bxb5 Rxb5 22. Nc3 Rb7 23. Rc2 Rbd7 24. Nd5 Nxd5 25. Qxd5 Bf6 26. Rd1 Qb6 27. Qc4 h6 28. Rd5 Kh7 29. Qd3 g6 30. Rcxc5 dxc5 31. Rxd7 Rxd7 32. Qxd7 Kg7 33. Qd2 Bd4 34. h3 g5 35. Kh1 Qf6 36. Bxd4 cxd4 37. Qd3 Qe5 38. b4 h5 39. a4 Qd6 40. Qd2 f6 41. a5 d3 42. b5 h4 43. a6 Qd4 44. a7 Qxa7 45. Qxd3 Qa1+ 46. Kh2 Qe5+ 47. Kg1 Qc5+ 48. Kf1 Qc1+ 49. Kf2 Qc5+ 50. Ke2 Kh6 51. Qb3 Qg1 52. b6 Qxg2+ 53. Ke3 Qg1+ 54. Kd3 Qf2 55. Kc4 Qf1+ 56. Kc5 Qf2+ 57. Kc6 Qe2 58. b7 Qa6+ 59. Kd7 Qa7 60. Qb2 Kg7 61. e5 Qa4+ 62. Ke7 Qa7 63. exf6+ Kh6 64. f7 Qc5+ 65. Kd7 Qd5+ 66. Ke7 Qc5+ 67. Ke8 Qc6+ 68. Kf8 Qd6+ 69. Ke8 Qe6+ 70. Kd8 Qd6+ 71. Kc8 Qf8+ 72. Kc7 Qxf7+ 73. Kb6 Qe8 74. Ka5 Qb8 75. Qf6+ Kh5 76. Qe7 Kg6 77. Kb6 Qh2 78. Qe8+ 1-0

[Event "Pilsen Region-chT 2223"]
[Site "Czech Republic"]
[Date "2023.01.29"]
[Round "7.1"]
[White "Houska, Jiri"]
[Black "Pokrupa, Marek"]
[Result "1-0"]
[WhiteElo "2196"]
[BlackElo "2101"]
[PlyCount "95"]
[EventDate "2022.10.09"]
[EventType "team-tourn"]
[EventRounds "11"]
[EventCountry "CZE"]
[SourceTitle "EXT 2024"]
[Source "ChessBase"]
[SourceDate "2023.10.10"]
[SourceVersion "1"]
[SourceVersionDate "2023.10.10"]
[SourceQuality "1"]
[WhiteTeam "Petrin"]
[BlackTeam "Kozolupy Sakal"]
[WhiteTeamCountry "CZE"]
[BlackTeamCountry "CZE"]

1. d4 Nf6 2. Nf3 g6 3. c4 Bg7 4. Nc3 0-0 5. e4 d6 6. Be2 e5 7. 0-0 Bg4 8. d5 a5 9. Be3 Na6 10. Nd2 Bxe2 11. Qxe2 Qd7 12. f3 Nh5 13. g3 Kh8 14. Kg2 Rg8 15. a3 a4 16. Qd1 Nc5 17. Bxc5 dxc5 18. b3 axb3 19. Nxb3 Qe7 20. Qd2 Ra6 21. a4 f5 22. a5 Nf6 23. Qd3 f4 24. g4 h5 25. g5 Nd7 26. h4 Rc8 27. Rfb1 Bf8 28. Nd2 Rb8 29. Qc2 Qd8 30. Ra2 Be7 31. Kf2 Qc8 32. Rb5 Nf8 33. Kg2 c6 34. dxc6 bxc6 35. Rxb8 Qxb8 36. Nb3 Ne6 37. Rb2 Qd8 38. Qb1 Kh7 39. Na4 Bxg5 40. Nbxc5 Nxc5 41. Nxc5 Bxh4 42. Nxa6 Qg5+ 43. Kf1 Qg3 44. Qd1 Qh3+ 45. Kg1 Bd8 46. Qxd8 Qxf3 47. Qe7+ Kh6 48. Qf8+ 1-0

[Event "CZE-ch"]
[Site "Usti nad Labem"]
[Date "2022.05.20"]
[Round "7"]
[White "Mica, Marek"]
[Black "Pokrupa, Marek"]
[Result "1-0"]
[WhiteElo "2343"]
[BlackElo "2117"]
[PlyCount "43"]
[EventDate "2022.05.14"]
[EventType "swiss"]
[EventRounds "9"]
[EventCountry "CZE"]
[SourceTitle "CBM 208 Extra"]
[Source "ChessBase"]
[SourceDate "2022.07.31"]
[SourceVersion "1"]
[SourceVersionDate "2022.07.31"]
[SourceQuality "1"]

1. d4 d6 2. c4 Nf6 3. Nc3 g6 4. e4 Bg7 5. h3 c5 6. Nf3 Qa5 7. Bd3 cxd4 8. Nxd4 Nc6 9. Be3 Nxd4 10. Bxd4 0-0 11. 0-0 a6 12. a3 e5 13. Be3 Be6 14. Nd5 Nd7 15. Qe2 f5 16. Bb6 Nxb6 17. b4 Qa4 18. Nxb6 Qc6 19. Nxa8 fxe4 20. Bxe4 Bxc4 21. Bxc6 Bxe2 22. Bxb7 1-0

[Event "CZE-ch"]
[Site "Plzen"]
[Date "2020.08.30"]
[Round "8"]
[White "Stinka, Jakub"]
[Black "Pokrupa, Marek"]
[Result "1-0"]
[WhiteElo "2299"]
[BlackElo "2164"]
[PlyCount "87"]
[EventDate "2020.08.23"]
[EventType "swiss"]
[EventRounds "9"]
[EventCountry "CZE"]
[SourceTitle "CBM 198 Extra"]
[Source "ChessBase"]
[SourceDate "2020.11.30"]
[SourceVersion "1"]
[SourceVersionDate "2020.11.30"]
[SourceQuality "1"]

1. d4 Nf6 2. c4 g6 3. Nc3 d5 4. cxd5 Nxd5 5. g3 Bg7 6. Bg2 Nb6 7. Nf3 Nc6 8. e3 e5 9. d5 Ne7 10. e4 Bg4 11. h3 Bxf3 12. Qxf3 c6 13. 0-0 cxd5 14. exd5 Nf5 15. b3 Nd6 16. Ba3 Nbc8 17. Ne4 0-0 18. Rac1 Re8 19. Rfd1 Nxe4 20. Qxe4 Nd6 21. Qe3 Bf8 22. Bb2 Bg7 23. Rc2 Nf5 24. Qd2 Nd6 25. Rdc1 Qb6 26. Kh2 Rad8 27. h4 h5 28. Ba3 Bf8 29. Bc5 Qb5 30. Bxa7 Nf5 31. Rd1 Bb4 32. Qe2 Qa5 33. Be3 Nd4 34. Bxd4 exd4 35. Qd3 Bc3 36. Re2 Kf8 37. Rc1 Rxe2 38. Qxe2 Re8 39. Qf3 Qxa2 40. Qf6 Qa5 41. Qh8+ Ke7 42. d6+ Kd8 43. Qf6+ Kc8 44. Qxd4 1-0

[Event "SVK-ch rapid"]
[Site "Topolcany"]
[Date "2020.07.11"]
[Round "4"]
[White "Pokrupa, Marek"]
[Black "Mazur, Stefan"]
[Result "0-1"]
[WhiteElo "2131"]
[BlackElo "2358"]
[PlyCount "69"]
[EventDate "2020.07.11"]
[EventType "swiss (rapid)"]
[EventRounds "9"]
[EventCountry "SVK"]
[SourceTitle "CBM 197 Extra"]
[Source "ChessBase"]
[SourceDate "2020.09.30"]
[SourceVersion "1"]
[SourceVersionDate "2020.09.30"]
[SourceQuality "1"]

1. c4 Nf6 2. g3 g6 3. Bg2 Bg7 4. Nc3 0-0 5. e4 d6 6. Nge2 c5 7. 0-0 e5 8. d3 Nc6 9. h3 Nd4 10. Be3 Be6 11. Kh2 a6 12. Nd5 Bxd5 13. exd5 Re8 14. Nxd4 exd4 15. Bg5 b5 16. b3 Qa5 17. a4 bxc4 18. bxc4 Nd7 19. Bd2 Qd8 20. Rb1 Rb8 21. Re1 Ne5 22. Qc2 Qf6 23. f4 Nd7 24. Rxb8 Rxb8 25. Rb1 Re8 26. Re1 Rxe1 27. Bxe1 g5 28. fxg5 Qxg5 29. Bd2 Qh5 30. Bf4 Be5 31. Qd2 Kg7 32. Qf2 Bxf4 33. Qxf4 Ne5 34. g4 Qh6 35. g5 0-1

[Event "SVK-ch rapid"]
[Site "Topolcany"]
[Date "2020.07.11"]
[Round "3"]
[White "Trangos, Miroslav"]
[Black "Pokrupa, Marek"]
[Result "0-1"]
[WhiteElo "1938"]
[BlackElo "2131"]
[PlyCount "112"]
[EventDate "2020.07.11"]
[EventType "swiss (rapid)"]
[EventRounds "9"]
[EventCountry "SVK"]
[SourceTitle "CBM 197 Extra"]
[Source "ChessBase"]
[SourceDate "2020.09.30"]
[SourceVersion "1"]
[SourceVersionDate "2020.09.30"]
[SourceQuality "1"]

1. d4 Nf6 2. c4 g6 3. Nc3 Bg7 4. e4 d6 5. f4 0-0 6. Nf3 Na6 7. Be3 Ng4 8. Bg1 e5 9. dxe5 dxe5 10. h3 Nh6 11. Qxd8 Rxd8 12. fxe5 b6 13. Be3 Nb4 14. Rc1 c5 15. a3 Nc6 16. Nd5 Kh8 17. Bg5 Rd7 18. Rd1 Ng8 19. Bf6 Bb7 20. Be2 Re8 21. Bxg7+ Kxg7 22. Kf2 Nxe5 23. Rhe1 Ba6 24. b3 Bb7 25. Ng5 Red8 26. Nf3 f6 27. Nc3 Rxd1 28. Rxd1 Rxd1 29. Bxd1 Ne7 30. Nxe5 fxe5 31. Ke3 Kf6 32. b4 cxb4 33. axb4 Nc6 34. Nb5 Nxb4 35. Nxa7 Ba6 36. Bb3 Ke7 37. Ba4 Kd6 38. Bb5 Bb7 39. Be8 Kc5 40. Nb5 Nc2+ 41. Kd2 Nd4 42. Ke3 Nxb5 43. Bxb5 Bc8 44. h4 Be6 45. Kd3 h6 46. g3 Kb4 47. Ba6 Bh3 48. Ke3 Kc3 49. Bb7 Bf1 50. Bd5 Bxc4 51. Bc6 b5 52. h5 g5 53. Kf3 b4 54. Ba4 b3 55. Bxb3 Bxb3 56. Kg4 Be6+ 0-1

[Event "SVK-ch Amateur"]
[Site "Topolcany"]
[Date "2020.07.10"]
[Round "2"]
[White "Pokrupa, Marek"]
[Black "Meers, Hubert"]
[Result "0-1"]
[WhiteElo "2186"]
[BlackElo "2037"]
[PlyCount "66"]
[EventDate "2020.07.10"]
[EventType "swiss"]
[EventRounds "7"]
[EventCountry "SVK"]
[SourceTitle "EXT 2021"]
[Source "ChessBase"]
[SourceDate "2020.10.23"]
[SourceVersion "1"]
[SourceVersionDate "2020.10.23"]
[SourceQuality "1"]

1. c4 g6 2. g3 Bg7 3. Bg2 Nf6 4. Nc3 0-0 5. e4 d6 6. Nge2 c5 7. 0-0 Nc6 8. d3 Nd4 9. Nxd4 cxd4 10. Ne2 Nd7 11. Rb1 a5 12. b3 Qc7 13. Nf4 e6 14. h4 b6 15. h5 Bb7 16. hxg6 hxg6 17. Qg4 Ne5 18. Qe2 a4 19. b4 b5 20. cxb5 Qb6 21. Bb2 a3 22. Bc1 Qxb5 23. Rb3 Rfc8 24. Bxa3 Rc3 25. Rxc3 dxc3 26. Bc1 Qxb4 27. Rd1 Bc6 28. d4 Bb5 29. Qe1 c2 30. Rd2 Nc4 31. e5 Nxd2 32. Bxd2 Qb1 33. Bxa8 Qxe1+ 0-1

[Event "CZE-chT2A 1718"]
[Site "Czech Republic"]
[Date "2018.01.14"]
[Round "6.7"]
[White "Pokrupa, Marek"]
[Black "Rakovsky, Adam"]
[Result "1-0"]
[WhiteElo "2155"]
[BlackElo "2133"]
[PlyCount "71"]
[EventDate "2017.10.15"]
[EventType "team-tourn"]
[EventRounds "11"]
[EventCountry "CZE"]
[SourceTitle "EXT 2022"]
[Source "ChessBase"]
[SourceDate "2021.10.06"]
[SourceVersion "1"]
[SourceVersionDate "2021.10.06"]
[SourceQuality "1"]
[WhiteTeam "Podborany"]
[BlackTeam "Praha Vrsovice"]
[WhiteTeamCountry "CZE"]
[BlackTeamCountry "CZE"]

1. c4 Nf6 2. g3 g6 3. Bg2 Bg7 4. Nc3 d6 5. e4 e5 6. Nge2 0-0 7. 0-0 Be6 8. d3 Qd7 9. Nd5 Nc6 10. Bh6 Ne8 11. Bxg7 Kxg7 12. d4 f5 13. exf5 Bxf5 14. dxe5 Nxe5 15. f4 Nc6 16. Nd4 Bg4 17. Qd2 Nf6 18. Nxc6 bxc6 19. Nb4 d5 20. cxd5 cxd5 21. Rac1 Rae8 22. Qd4 Re2 23. Qxa7 Rf7 24. Nd3 Rxg2+ 25. Kxg2 Bh3+ 26. Kg1 Bxf1 27. Rxf1 Qb5 28. Qd4 Kg8 29. a4 Qa5 30. Ne5 Rf8 31. Rc1 Rb8 32. Nc6 Qb6 33. Qxb6 Rxb6 34. b4 Kf7 35. a5 Rb5 36. Rc5 1-0

[Event "Staufer op-A 30th"]
[Site "Schwaebisch Gmuend"]
[Date "2018.01.02"]
[Round "2"]
[White "Sinz, Bernhard"]
[Black "Pokrupa, Marek"]
[Result "0-1"]
[WhiteElo "2400"]
[BlackElo "2179"]
[PlyCount "78"]
[EventDate "2018.01.02"]
[EventType "swiss"]
[EventRounds "9"]
[EventCountry "GER"]
[SourceTitle "CBM 182 Extra"]
[Source "ChessBase"]
[SourceDate "2018.02.23"]
[SourceVersion "1"]
[SourceVersionDate "2018.02.23"]
[SourceQuality "1"]

1. e4 e6 2. d4 d5 3. Nc3 dxe4 4. Nxe4 Nd7 5. Nf3 Ngf6 6. Bd3 Nxe4 7. Bxe4 Nf6 8. Bg5 Qd6 9. Bxf6 gxf6 10. Qe2 Bd7 11. 0-0-0 0-0-0 12. c3 f5 13. Bc2 Bg7 14. Kb1 Bc6 15. Nd2 Bf6 16. f3 Kb8 17. Bb3 b6 18. Nc4 Qf4 19. a4 h5 20. a5 h4 21. h3 Bb5 22. Qc2 Rhg8 23. Rhe1 Qh2 24. Rd2 Bg5 25. Rf2 Bf4 26. Rd1 Bg3 27. Re2 Bf4 28. Ka2 Rd5 29. axb6 axb6 30. Kb1 Kb7 31. Rf2 Bg3 32. Ne3 Bxf2 33. Bxd5+ exd5 34. Qxf2 Rg3 35. Rd2 Qh1+ 36. Ka2 f4 37. Nf5 Rg8 38. Qxh4 Bc4+ 39. b3 Ra8+ 0-1

[Event "Wunsiedel op 10th"]
[Site "Wunsiedel"]
[Date "2016.05.06"]
[Round "4"]
[White "Pokrupa, Marek"]
[Black "Roesemann, Rainer"]
[Result "0-1"]
[WhiteElo "2155"]
[BlackElo "2295"]
[PlyCount "106"]
[EventDate "2016.05.05"]
[EventType "swiss"]
[EventRounds "7"]
[EventCountry "GER"]
[SourceTitle "CBM 172 Extra"]
[Source "ChessBase"]
[SourceDate "2016.06.21"]
[SourceVersion "1"]
[SourceVersionDate "2016.06.21"]
[SourceQuality "1"]

1. Nf3 c5 2. e4 d6 3. d4 cxd4 4. Nxd4 Nf6 5. Nc3 g6 6. g3 Bg7 7. Bg2 0-0 8. 0-0 Bg4 9. Nde2 Qd7 10. Be3 Nc6 11. f3 Be6 12. Qd2 Ne5 13. b3 Rfc8 14. a4 d5 15. exd5 Nxd5 16. Nxd5 Qxd5 17. Rad1 Qxd2 18. Rxd2 Nc6 19. Rfd1 h5 20. h3 Nb4 21. c4 Bf5 22. Nd4 Bd7 23. Nb5 Bxb5 24. axb5 a6 25. f4 Rcb8 26. bxa6 Rxa6 27. Rd8+ Rxd8 28. Rxd8+ Kh7 29. Bxb7 Ra3 30. c5 Rxb3 31. Bf2 Rc3 32. Rd7 Bf6 33. g4 hxg4 34. hxg4 g5 35. Be4+ Kh6 36. Bd4 Bxd4+ 37. Rxd4 Nc2 38. Rd2 Ne3 39. Rh2+ Kg7 40. Rh7+ Kg8 41. fxg5 Rc4 42. g6 Rxe4 43. gxf7+ Kf8 44. g5 Rg4+ 45. Kf2 Nd5 46. Rh5 Kxf7 47. Kf3 Rf4+ 48. Kg3 Kg6 49. Rh6+ Kxg5 50. Re6 Kf5 51. Re1 Rc4 52. Rf1+ Ke6 53. Re1+ Kd7 0-1

[Event "CZE-chT2A 1516"]
[Site "Czech Republic"]
[Date "2016.02.07"]
[Round "7.1"]
[White "Soukup, Jiri"]
[Black "Pokrupa, Marek"]
[Result "1-0"]
[WhiteElo "2385"]
[BlackElo "2153"]
[PlyCount "45"]
[EventDate "2015.10.18"]
[EventType "team-tourn"]
[EventRounds "11"]
[EventCountry "CZE"]
[SourceTitle "EXT 2022"]
[Source "ChessBase"]
[SourceDate "2021.10.06"]
[SourceVersion "1"]
[SourceVersionDate "2021.10.06"]
[SourceQuality "1"]
[WhiteTeam "Karlovy Vary Tietz"]
[BlackTeam "Plzen Kosutka"]
[WhiteTeamCountry "CZE"]
[BlackTeamCountry "CZE"]

1. e4 e6 2. d4 d5 3. exd5 exd5 4. Bd3 c5 5. Qe2+ Be7 6. dxc5 Nc6 7. Nf3 Nf6 8. c3 0-0 9. Bg5 Bxc5 10. 0-0 Bg4 11. Nbd2 Qd6 12. Qd1 Rae8 13. Qc2 Kh8 14. Bh4 Bh5 15. b4 Bb6 16. Bg3 Qd8 17. b5 Nb8 18. Rfe1 Nbd7 19. Bf5 Nc5 20. Be5 Nfe4 21. Bd4 Nxd2 22. Qxd2 Ne4 23. Qh6 1-0

[Event "CZE-chT2A 1516"]
[Site "Czech Republic"]
[Date "2015.11.08"]
[Round "2.1"]
[White "Freisler, Pavel"]
[Black "Pokrupa, Marek"]
[Result "0-1"]
[WhiteElo "2285"]
[BlackElo "2153"]
[PlyCount "124"]
[EventDate "2015.10.18"]
[EventType "team-tourn"]
[EventRounds "11"]
[EventCountry "CZE"]
[SourceTitle "EXT 2022"]
[Source "ChessBase"]
[SourceDate "2021.10.06"]
[SourceVersion "1"]
[SourceVersionDate "2021.10.06"]
[SourceQuality "1"]
[WhiteTeam "Kladno"]
[BlackTeam "Plzen Kosutka"]
[WhiteTeamCountry "CZE"]
[BlackTeamCountry "CZE"]

1. Nf3 Nf6 2. c4 g6 3. Nc3 Bg7 4. d4 d5 5. cxd5 Nxd5 6. g3 Nb6 7. Bg2 Nc6 8. e3 e5 9. d5 Ne7 10. e4 Bg4 11. a4 a5 12. Qb3 Ra6 13. Be3 0-0 14. 0-0 Re8 15. Ne1 Nec8 16. h3 Bd7 17. Nd3 Nd6 18. Nc5 Ra8 19. Nxd7 Nxd7 20. Nb5 Nxb5 21. Qxb5 b6 22. h4 Bf8 23. Bh3 Nc5 24. f3 Bd6 25. Kg2 h5 26. Rfc1 Qe7 27. Bg5 f6 28. Be3 Kg7 29. Rc2 Rf8 30. Re1 Rad8 31. Ree2 Rb8 32. Bd2 Qe8 33. Qxe8 Rfxe8 34. Rc4 Nb3 35. Be3 Bc5 36. Bd7 Re7 37. Bb5 Bxe3 38. Rxe3 Nd4 39. Rec3 Rb7 40. Kf2 Kf8 41. Ke3 Rf7 42. Bc6 Rb8 43. Bb5 Rb7 44. f4 Kg7 45. Be8 Re7 46. Bc6 Rb8 47. Rc1 Nb3 48. R1c3 Nc5 49. b4 axb4 50. Rxb4 Rf8 51. f5 gxf5 52. exf5 Kh6 53. a5 Rg8 54. Kf2 bxa5 55. Rbc4 Na6 56. Ra3 e4 57. Rxa5 e3+ 58. Ke2 Nb8 59. d6 cxd6 60. Re4 Nxc6 61. Rxe7 Nxe7 62. Kd3 Rxg3 0-1